Práctica anatomoquirúrgica ilustrada / (Registro nro. 5405)

Detalles MARC
000 -CABECERA
campo de control de longitud fija 00699nam a2200217 a 4500
001 - NÚMERO DE CONTROL
campo de control Rebiun12516459
003 - IDENTIFICADOR DEL NÚMERO DE CONTROL
campo de control AR-RoIUNI
005 - FECHA Y HORA DE LA ÚLTIMA TRANSACCIÓN
campo de control 20220317144429.0
008 - DATOS DE LONGITUD FIJA--INFORMACIÓN GENERAL
campo de control de longitud fija 030522s1936 sp |||||| 000 ||spa|c
040 ## - FUENTE DE LA CATALOGACIÓN
Centro/agencia transcriptor AR-RoIUNI
080 ## - NÚMERO DE LA CLASIFICACIÓN DECIMAL UNIVERSAL
Número de la Clasificación Decimal Universal 611
100 1# - ENTRADA PRINCIPAL--NOMBRE DE PERSONA
Nombre de persona Paitre, Fernand (
Fechas asociadas al nombre 1880-1939)
245 10 - MENCIÓN DE TÍTULO
Título Práctica anatomoquirúrgica ilustrada /
Mención de responsabilidad, etc. por F. Paitre, H. Lacaze y S. Dupret
260 ## - PUBLICACIÓN, DISTRIBUCIÓN, ETC. (PIE DE IMPRENTA)
Lugar de publicación, distribución, etc. Barcelona :
Nombre del editor, distribuidor, etc. Salvat,
Fecha de publicación, distribución, etc. 1936-
300 ## - DESCRIPCIÓN FÍSICA
Extensión vol. :
Otras características físicas il. ;
Dimensiones 26 cm
505 8# - NOTA DE CONTENIDO CON FORMATO
Nota de contenido con formato Coniene: 1. Región abdóminotorácica. 2. Región abdominal media y recto. 3. Los órganos retroperitoneales
650 04 - PUNTO DE ACCESO ADICIONAL DE MATERIA--TÉRMINO DE MATERIA
Término de materia o nombre geográfico como elemento inicial Anatomía topográfica
700 1# - PUNTO DE ACCESO ADICIONAL--NOMBRE DE PERSONA
Nombre de persona Dupret, Simon
700 1# - PUNTO DE ACCESO ADICIONAL--NOMBRE DE PERSONA
Nombre de persona Lacaze, H.
942 ## - ELEMENTOS DE PUNTO DE ACCESO ADICIONAL (KOHA)
Fuente del sistema de clasificación o colocación Clasificación Decimal Universal
Tipo de ítem Koha Libros
Existencias
Estado de retiro Estado de pérdida Fuente del sistema de clasificación o colocación Estado dañado Excepción de préstamo Código de colección Localización permanente Ubicación/localización actual Ubicación en estantería Fecha de adquisición Fuente de adquisición Número de inventario Total de préstamos Signatura topográfica completa Código de barras Fecha visto por última vez Precio válido a partir de Tipo de ítem Koha
    Clasificación Decimal Universal     Medicina BIBLIOTECA CENTRAL BIBLIOTECA CENTRAL BIBLIOTECA CENTRAL 17/03/2022 Donación 7227   611 PAI 7227 17/03/2022 17/03/2022 Libros